000
00504nam a2200157Ia 4500
008
090123s9999 xx 000 0 und d
082
_b
34064
245
_a
संगोपन बाळ गोपाळांचे
250
_a
0
260
_b
रोहन प्रकाशन
300
_a
151
630
_a
संगोपन बाळ गोपाळांचे
700
_a
मांडे अरुण
730
_a
संगोपन बाळ गोपाळांचे
942
_c
BOOK
999
_c
72108
_d
72108